| 000 | 01495nam a2200301 a 4500 | ||
|---|---|---|---|
| 001 | BRCA_2396 | ||
| 005 | 20190320203804.0 | ||
| 008 | 111108s1647----sp-#---###---#000-0#spa-u | ||
| 041 | _aspa | ||
| 044 | _asp | ||
| 084 |
_a037 _b.R43 _c1647 |
||
| 100 | 1 |
_aCervantes Saavedra, Miguel de _d1547-1616 _9213 |
|
| 245 | 1 | 0 |
_aPrimera y segunda parte del Ingenioso Hidalgo Don Quixote de la Mancha _bA. Don Antonio de Vargas Zapata, Ayalay Manrique _ccompuesta por Miguel de Cervantes Saavedra. |
| 260 |
_aMadrid _bImprenta Real _c1647 |
||
| 300 |
_a480 p. _c22 cm. |
||
| 500 | _aContenido : Primerta parte. Prólogo del autor. Dedicatoria de D. Antonio de Vargas. Erratas. Tasa. Segunda parte. Aprovaciones y licencia de la edición príncipe. Prólogo del autor. Dedicatoria a D. Antonio de Vargas. Erratas. Tasa. Texto | ||
| 500 | _aEdición : Primera edición de la obra completa | ||
| 500 | _aCarece de la dedicatoria al Duque de Béjar y los versos preliminares. En el folio 233 hay una portada de la segunda parte. También suprime la dedicatoria Lúdovik Osterc | ||
| 500 | _aCon ex-libris de : S. Debernish´s Boo. No. 214 | ||
| 500 | _aQM18 | ||
| 650 | 1 | 4 |
_aNovela española _yÉpoca clásica, 1500-1700 _9215 |
| 650 | 1 | 4 |
_aLiteratura española _yÉpoca clásica, 1500-1700 _9216 |
| 650 | 1 | 4 |
_aNovela española _ySiglo XVII _9217 |
| 650 | 1 | 4 |
_aDon Quijote (Personaje ficticio) _eNovela _9218 |
| 740 | 0 | _aEl Ingenioso Hidalgo Don Quijote de la Mancha | |
| 902 | _aQFM | ||
| 942 |
_2lcc _cB |
||
| 999 |
_c2137 _d2137 |
||